ARRUPE JESUIT UNIVERSITY

CORONAVIRUS -STOP THE SPREAD - CLEAN,DISINFECT,COVER
Normal view MARC view

Entry Meeting Name

Number of records used in: 1

001 - CONTROL NUMBER

  • control field: 746

003 - CONTROL NUMBER IDENTIFIER

  • control field: ARRUPE

005 - DATE AND TIME OF LATEST TRANSACTION

  • control field: 20130919162854.0

008 - FIXED-LENGTH DATA ELEMENTS

  • fixed length control field: 130919|| aca||aabn | a|a d

040 ## - CATALOGING SOURCE

  • Original cataloging agency: ARRUPE
  • Transcribing agency: ARRUPE

111 ## - HEADING--MEETING NAME

  • Meeting name or jurisdiction name as entry element: International Conference on Patristic Studies
  • Number of part/section/meeting: (8th :
  • Date of meeting: 1979 :
  • Location of meeting: Oxford, England)

670 ## - SOURCE DATA FOUND

  • Source citation: Work cat.: (ARRUPE)0: International Conference on Patristic Studies (8th : 1979 : Oxford, England), Studia patristica. Vol. XVII in three parts /, 1982.

 

Arrupe Library. PO Box MP320 Mt Pleasant, Harare, Zimbabwe
263 242 745411|librarian@aju.ac.zw